[Event "Chesterfield SPICE Cup op"]
[Site "Chesterfield"]
[Date "2023.12.19"]
[Round "4"]
[White "Putnam, Liam H"]
[Black "Wang, Justin"]
[Result "1/2-1/2"]
[WhiteElo "2348"]
[BlackElo "2512"]
[PlyCount "51"]
[EventDate "2023.12.17"]
[EventType "swiss"]
[EventRounds "9"]
[EventCountry "USA"]
[SourceTitle "CB52_2023"]
[SourceDate "2023.12.27"]
[SourceVersion "1"]
[SourceVersionDate "2023.12.27"]
[SourceQuality "1"]

1. d4 Nf6 2. c4 e6 3. Nf3 d5 4. Nc3 c6 5. e3 Nbd7 6. Qc2 Bd6 7. Be2 0-0 8. b3 Re8 9. 0-0 dxc4 10. Bxc4 b5 11. Bd3 Bb7 12. Bb2 Rc8 13. Rfd1 Qe7 14. e4 e5 15. Ne2 a6 16. Ng3 g6 17. Qd2 c5 18. d5 Nb6 19. Rac1 c4 20. bxc4 Nxc4 21. Bxc4 bxc4 22. Qg5 Nd7 23. Qg4 Nf6 24. Qg5 Nd7 25. Qg4 Nf6 26. Qg5 1/2-1/2

[Event "Chesterfield SPICE Cup op"]
[Site "Chesterfield"]
[Date "2023.12.18"]
[Round "2"]
[White "Takahashi, Michael John"]
[Black "Wang, Justin"]
[Result "0-1"]
[WhiteElo "2033"]
[BlackElo "2512"]
[PlyCount "50"]
[EventDate "2023.12.17"]
[EventType "swiss"]
[EventRounds "9"]
[EventCountry "USA"]
[SourceTitle "CB52_2023"]
[SourceDate "2023.12.27"]
[SourceVersion "1"]
[SourceVersionDate "2023.12.27"]
[SourceQuality "1"]

1. d4 Nf6 2. c4 e6 3. Nc3 Bb4 4. e3 0-0 5. Nge2 d5 6. a3 Be7 7. cxd5 exd5 8. Nf4 a5 9. Bd3 c6 10. 0-0 Na6 11. f3 Nc7 12. Qc2 Re8 13. Rd1 Ne6 14. Nxe6 Bxe6 15. Na4 h5 16. Nc5 Bc8 17. Bd2 Bd6 18. b4 Qc7 19. h3 Bxh3 20. gxh3 Bxc5 21. Kg2 Bb6 22. h4 Qd6 23. Rab1 Bc7 24. f4 Ng4 25. Re1 Qf6 0-1

[Event "US Masters op"]
[Site "Charlotte"]
[Date "2023.11.26"]
[Round "8"]
[White "Ringoir, Tanguy"]
[Black "Wang, Justin"]
[Result "1/2-1/2"]
[WhiteElo "2507"]
[BlackElo "2495"]
[PlyCount "75"]
[EventDate "2023.11.22"]
[EventType "swiss"]
[EventRounds "9"]
[EventCountry "USA"]
[SourceTitle "CB48_2023"]
[SourceDate "2023.11.29"]
[SourceVersion "1"]
[SourceVersionDate "2023.11.29"]
[SourceQuality "1"]

1. d4 Nf6 2. c4 e6 3. Nf3 d5 4. g3 Bb4+ 5. Bd2 Be7 6. Bg2 0-0 7. 0-0 c6 8. Qc2 b6 9. Bf4 Nbd7 10. Rd1 Ba6 11. cxd5 cxd5 12. Ne5 Nxe5 13. dxe5 Ng4 14. Bf3 f5 15. exf6 Nxf6 16. Nc3 Bd6 17. Bxd6 Qxd6 18. Rac1 Bb7 19. Nb5 Qd7 20. Qc7 Qxb5 21. Qxb7 Rfb8 22. Qc6 Qxc6 23. Rxc6 Re8 24. Rc7 Kf8 25. Rdc1 Re7 26. h4 Rd8 27. e3 Ne8 28. R7c6 Rd6 29. Rc8 Rdd7 30. e4 dxe4 31. Bxe4 g6 32. Bc6 Rc7 33. Rd8 Kg7 34. b4 Nf6 35. b5 Red7 36. Rd1 Rxd1+ 37. Rxd1 Ng4 38. f4 1/2-1/2

[Event "Saint Louis Summer-B"]
[Site "Saint Louis"]
[Date "2023.08.09"]
[Round "8"]
[White "Wang, Justin"]
[Black "Hong, Andrew Z"]
[Result "1/2-1/2"]
[WhiteElo "2520"]
[BlackElo "2525"]
[PlyCount "80"]
[EventDate "2023.08.02"]
[EventType "tourn"]
[EventRounds "9"]
[EventCountry "USA"]
[EventCategory "11"]
[SourceTitle "CBM 215 Extra"]
[Source "ChessBase"]
[SourceDate "2023.09.30"]
[SourceVersion "1"]
[SourceVersionDate "2023.09.30"]
[SourceQuality "1"]

1. d4 Nf6 2. c4 e6 3. Nf3 d5 4. e3 Be7 5. b3 0-0 6. Bb2 c5 7. Bd3 cxd4 8. exd4 Nc6 9. 0-0 b6 10. Nbd2 Bb7 11. Qe2 Rc8 12. Rac1 Re8 13. Rfd1 Bf8 14. Nf1 g6 15. Ne3 Bg7 16. c5 Nd7 17. Bb5 a6 18. Bxc6 Bxc6 19. cxb6 Qxb6 20. Ng4 h5 21. Nge5 Nxe5 22. Nxe5 Bb7 23. Qf3 Bxe5 24. dxe5 Rxc1 25. Rxc1 Rd8 26. Qd3 d4 27. Rc4 Qb5 28. Qd2 Qxe5 29. Rxd4 Rxd4 30. Bxd4 Qd5 31. f3 e5 32. Be3 Qxd2 33. Bxd2 Kf8 34. Bc3 f6 35. f4 exf4 36. Bxf6 Kf7 37. Bg5 f3 38. gxf3 Bxf3 39. Kf2 Be4 40. Ke3 Bb1 1/2-1/2

[Event "USA-ch U20"]
[Site "Saint Louis"]
[Date "2023.07.21"]
[Round "6"]
[White "Wang, Justin"]
[Black "Stearman, Josiah P"]
[Result "1-0"]
[WhiteElo "2488"]
[BlackElo "2444"]
[PlyCount "43"]
[EventDate "2023.07.15"]
[EventType "tourn"]
[EventRounds "9"]
[EventCountry "USA"]
[EventCategory "9"]
[SourceTitle "CBM 215 Extra"]
[Source "ChessBase"]
[SourceDate "2023.09.30"]
[SourceVersion "1"]
[SourceVersionDate "2023.09.30"]
[SourceQuality "1"]

1. e4 c6 2. d4 d5 3. Nd2 dxe4 4. Nxe4 Nf6 5. Nxf6+ exf6 6. c3 Bd6 7. Bd3 0-0 8. Qc2 Re8+ 9. Ne2 g6 10. h4 h5 11. Bxg6 fxg6 12. Qxg6+ Kh8 13. Qxh5+ Kg8 14. Bh6 Bf8 15. Qg6+ Kh8 16. Bxf8 Rxf8 17. 0-0-0 Qc7 18. Qh6+ Kg8 19. Rd3 Rf7 20. Re3 Qd7 21. Rhh3 Rg7 22. Rhg3 1-0

[Event "New York Summer 1000 GM GM-A"]
[Site "New York"]
[Date "2023.07.09"]
[Round "7"]
[White "Wang, Justin"]
[Black "Wang, Kevin A"]
[Result "1-0"]
[WhiteElo "2488"]
[BlackElo "2393"]
[PlyCount "109"]
[EventDate "2023.07.06"]
[EventType "tourn"]
[EventRounds "9"]
[EventCountry "USA"]
[EventCategory "8"]
[SourceTitle "CBM 215 Extra"]
[Source "ChessBase"]
[SourceDate "2023.09.30"]
[SourceVersion "1"]
[SourceVersionDate "2023.09.30"]
[SourceQuality "1"]

1. d4 d5 2. c4 e6 3. Nf3 Nf6 4. g3 Bb4+ 5. Bd2 Be7 6. Bg2 0-0 7. 0-0 c6 8. Qc2 a5 9. Bf4 Nbd7 10. Nbd2 Nh5 11. Be3 b6 12. Rfd1 Bb7 13. Ne5 Nhf6 14. cxd5 cxd5 15. Nc6 Bxc6 16. Qxc6 Rc8 17. Qb5 Qc7 18. Nf3 Qc4 19. Qxc4 Rxc4 20. Bf1 Bd6 21. Rab1 Rfc8 22. Ne1 b5 23. f3 b4 24. Bd2 R4c7 25. g4 Nb6 26. b3 e5 27. dxe5 Bxe5 28. Be3 Nfd7 29. Nd3 d4 30. Bf2 Bf6 31. Ne1 Nd5 32. Bxd4 Nc3 33. Bxc3 Bxc3 34. Kf2 g6 35. Rd5 Nc5 36. e3 a4 37. Nd3 axb3 38. axb3 Nxd3+ 39. Bxd3 Rc5 40. Rxc5 Rxc5 41. Rd1 Ra5 42. Be2 Ra2 43. Rd7 Rd2 44. Rb7 f6 45. f4 g5 46. Kf3 Kh8 47. h3 gxf4 48. exf4 Rb2 49. Bc4 Rh2 50. g5 fxg5 51. fxg5 Be5 52. Re7 Rxh3+ 53. Ke4 Bc3 54. Re8+ Kg7 55. Rg8# 1-0

[Event "New York Summer 1000 GM GM-A"]
[Site "New York"]
[Date "2023.07.07"]
[Round "3"]
[White "Mikhalevski, Victor"]
[Black "Wang, Justin"]
[Result "0-1"]
[WhiteElo "2524"]
[BlackElo "2488"]
[PlyCount "100"]
[EventDate "2023.07.06"]
[EventType "tourn"]
[EventRounds "9"]
[EventCountry "USA"]
[EventCategory "8"]
[SourceTitle "CBM 215 Extra"]
[Source "ChessBase"]
[SourceDate "2023.09.30"]
[SourceVersion "1"]
[SourceVersionDate "2023.09.30"]
[SourceQuality "1"]

1. Nf3 Nf6 2. c4 e6 3. g3 d5 4. Bg2 dxc4 5. Qa4+ Nbd7 6. Qxc4 a6 7. Qc2 c5 8. Nc3 Qc7 9. 0-0 b6 10. d4 Bb7 11. Bf4 Bd6 12. Bxd6 Qxd6 13. Rfd1 0-0 14. e4 cxd4 15. Nxd4 Qc7 16. Rac1 Rac8 17. f4 Qb8 18. e5 Nd5 19. Bxd5 Bxd5 20. Nf5 exf5 21. Rxd5 Nc5 22. Qxf5 b5 23. Rcd1 g6 24. Qg4 b4 25. Ne2 b3 26. Qf3 bxa2 27. Qa3 Qb3 28. Nc3 Qxa3 29. bxa3 a1Q 30. Rxa1 Nb3 31. Re1 Rxc3 32. e6 fxe6 33. Rxe6 a5 34. Kg2 Rc5 35. Rxc5 Nxc5 36. Rc6 Nb3 37. h4 Rf5 38. Ra6 Kg7 39. Kf3 Nd2+ 40. Ke3 Nc4+ 41. Kd3 Nb2+ 42. Kd4 h5 43. Ra7+ Kh6 44. Rc7 Rb5 45. Rc5 Rxc5 46. Kxc5 Kg7 47. Kb5 Kf6 48. Kxa5 Nc4+ 49. Kb4 Nxa3 50. Kxa3 Kf5 0-1

[Event "New York Summer 1000 GM GM-A"]
[Site "New York"]
[Date "2023.07.07"]
[Round "2"]
[White "Wang, Justin"]
[Black "Lu, Maximillian"]
[Result "0-1"]
[WhiteElo "2488"]
[BlackElo "2394"]
[PlyCount "70"]
[EventDate "2023.07.06"]
[EventType "tourn"]
[EventRounds "9"]
[EventCountry "USA"]
[EventCategory "8"]
[SourceTitle "CBM 215 Extra"]
[Source "ChessBase"]
[SourceDate "2023.09.30"]
[SourceVersion "1"]
[SourceVersionDate "2023.09.30"]
[SourceQuality "1"]

1. e4 e5 2. Nf3 Nc6 3. Bc4 Nf6 4. d3 Bc5 5. 0-0 0-0 6. a4 a5 7. c3 d6 8. Bg5 h6 9. Bh4 Kh8 10. Re1 Ba7 11. Nbd2 g5 12. Bg3 Nh7 13. Nf1 f5 14. exf5 Bxf5 15. Ne3 Bg6 16. d4 exd4 17. Nxd4 Nxd4 18. cxd4 h5 19. f3 Qf6 20. Bf2 Bxd4 21. Qb3 c6 22. Rad1 Bc5 23. Bd3 Bxd3 24. Rxd3 g4 25. Nd1 Bxf2+ 26. Nxf2 Ng5 27. Ne4 Nxe4 28. Rxe4 d5 29. Re1 Rae8 30. Rde3 gxf3 31. gxf3 Rg8+ 32. Kf1 Qg7 33. Ke2 Rxe3+ 34. Kxe3 Qe5+ 35. Kd2 Rg2+ 0-1

[Event "World op 51st"]
[Site "Philadelphia"]
[Date "2023.07.04"]
[Round "8"]
[White "Wang, Justin"]
[Black "Bellahcene, Bilel"]
[Result "1-0"]
[WhiteElo "2484"]
[BlackElo "2497"]
[PlyCount "63"]
[EventDate "2023.06.30"]
[EventType "swiss"]
[EventRounds "9"]
[EventCountry "USA"]
[SourceTitle "CBM 215 Extra"]
[Source "ChessBase"]
[SourceDate "2023.09.30"]
[SourceVersion "1"]
[SourceVersionDate "2023.09.30"]
[SourceQuality "1"]

1. e4 c5 2. Nf3 Nc6 3. d4 cxd4 4. Nxd4 Nf6 5. Nc3 e6 6. Nxc6 bxc6 7. e5 Nd5 8. Ne4 Qc7 9. f4 Qb6 10. c4 Ne3 11. Qd3 Nf5 12. Bd2 c5 13. 0-0-0 Bb7 14. Bc3 Rd8 15. Be2 d5 16. exd6 Bxd6 17. Nxd6+ Rxd6 18. Qc2 Rxd1+ 19. Bxd1 0-0 20. Qf2 Rd8 21. Bc2 Nd4 22. Rd1 Nxc2 23. Qxc2 f6 24. g3 Rxd1+ 25. Qxd1 Qc6 26. b3 Qg2 27. Qd6 Kf7 28. Qxc5 Qh1+ 29. Kb2 Qxh2+ 30. Ka3 Qxg3 31. Qc7+ Kg6 32. f5+ 1-0

[Event "World op 51st"]
[Site "Philadelphia"]
[Date "2023.07.03"]
[Round "6.2"]
[White "Wang, Justin"]
[Black "Mikaelyan, Arman"]
[Result "1/2-1/2"]
[WhiteElo "2484"]
[BlackElo "2523"]
[PlyCount "75"]
[EventDate "2023.06.30"]
[EventType "swiss"]
[EventRounds "9"]
[EventCountry "USA"]
[SourceTitle "CBM 215 Extra"]
[Source "ChessBase"]
[SourceDate "2023.09.30"]
[SourceVersion "1"]
[SourceVersionDate "2023.09.30"]
[SourceQuality "1"]

1. d4 d5 2. c4 c6 3. Nf3 Nf6 4. e3 e6 5. b3 Nbd7 6. Bb2 b6 7. Nbd2 Bb7 8. g3 dxc4 9. bxc4 c5 10. Bg2 cxd4 11. exd4 Bd6 12. 0-0 0-0 13. Re1 Rc8 14. Qb3 Qc7 15. Rac1 Rfe8 16. Ng5 Bxg2 17. Kxg2 Qb7+ 18. Kg1 Bf8 19. a4 h6 20. Ngf3 Rc7 21. Ba3 Bxa3 22. Qxa3 Rec8 23. Qd6 Qa6 24. Qb4 Nb8 25. Qb5 Ne8 26. Qxa6 Nxa6 27. a5 Nd6 28. axb6 axb6 29. Rb1 Nxc4 30. Nxc4 Rxc4 31. Rxb6 Nb4 32. Rb1 Nd5 33. Rb8 Kh7 34. Ne5 Rxb8 35. Rxb8 Rc1+ 36. Kg2 f6 37. Nd7 Kg6 38. Rb7 1/2-1/2

[Event "Las Vegas National op"]
[Site "Las Vegas"]
[Date "2023.06.18"]
[Round "9"]
[White "Wang, Justin"]
[Black "Rajaram, Rohan"]
[Result "1-0"]
[WhiteElo "2484"]
[BlackElo "2138"]
[PlyCount "71"]
[EventDate "2023.06.14"]
[EventType "swiss"]
[EventRounds "9"]
[EventCountry "USA"]
[SourceTitle "CBM 214 Extra"]
[Source "ChessBase"]
[SourceDate "2023.07.31"]
[SourceVersion "1"]
[SourceVersionDate "2023.07.31"]
[SourceQuality "1"]

1. d4 d5 2. c4 c6 3. Nf3 Nf6 4. e3 e6 5. b3 Nbd7 6. Bb2 Bb4+ 7. Nbd2 0-0 8. Bd3 b6 9. a3 Be7 10. Qe2 Bb7 11. e4 dxe4 12. Nxe4 Nxe4 13. Qxe4 Nf6 14. Qh4 h6 15. 0-0-0 Qc7 16. Kb1 c5 17. dxc5 Qxc5 18. b4 Qc7 19. Be5 Qc6 20. Nd4 Qe8 21. Qg3 a5 22. b5 Rd8 23. Bc2 Kh8 24. Rhe1 g6 25. h4 Kh7 26. h5 Nxh5 27. Qh3 f5 28. Nxe6 Rxd1+ 29. Rxd1 Rg8 30. g4 Nf6 31. gxf5 g5 32. f3 Qf7 33. Rh1 Bf8 34. Bd6 Bc8 35. Nxf8+ Rxf8 36. Qxh6+ 1-0

[Event "Las Vegas National op"]
[Site "Las Vegas"]
[Date "2023.06.15"]
[Round "3"]
[White "Wang, Justin"]
[Black "Ezra, Paul Chambers"]
[Result "1-0"]
[WhiteElo "2484"]
[BlackElo "2321"]
[PlyCount "73"]
[EventDate "2023.06.14"]
[EventType "swiss"]
[EventRounds "9"]
[EventCountry "USA"]
[SourceTitle "CBM 214 Extra"]
[Source "ChessBase"]
[SourceDate "2023.07.31"]
[SourceVersion "1"]
[SourceVersionDate "2023.07.31"]
[SourceQuality "1"]

1. e4 c6 2. d4 d5 3. e5 Bf5 4. Nd2 e6 5. Nb3 Nd7 6. Nf3 Ne7 7. a4 Nc8 8. a5 a6 9. c3 Na7 10. Be3 Be7 11. Bd3 Bxd3 12. Qxd3 Qc7 13. 0-0 c5 14. Nxc5 Nxc5 15. dxc5 Bxc5 16. Ra4 Bxe3 17. Qxe3 Nc6 18. Qg5 g6 19. Re1 h6 20. Qf6 Rg8 21. Qf4 g5 22. Qf6 Nxa5 23. Nd4 Nc4 24. Nf5 Qd8 25. Ng7+ Kd7 26. Nh5 Qe7 27. Rxc4 dxc4 28. Rd1+ Ke8 29. Qxh6 Rg6 30. Ng7+ Rxg7 31. Qxg7 Rc8 32. Qg8+ Qf8 33. Qxg5 Qh8 34. h4 Qh7 35. h5 b5 36. h6 a5 37. Qd2 1-0

[Event "Las Vegas 1000 GM op"]
[Site "Las Vegas"]
[Date "2023.06.12"]
[Round "9"]
[White "Zhao, Erick"]
[Black "Wang, Justin"]
[Result "0-1"]
[WhiteElo "2291"]
[BlackElo "2484"]
[PlyCount "182"]
[EventDate "2023.06.08"]
[EventType "swiss"]
[EventRounds "9"]
[EventCountry "USA"]
[SourceTitle "CBM 214 Extra"]
[Source "ChessBase"]
[SourceDate "2023.07.31"]
[SourceVersion "1"]
[SourceVersionDate "2023.07.31"]
[SourceQuality "1"]

1. e4 e5 2. Nf3 Nc6 3. Bb5 a6 4. Ba4 Nf6 5. 0-0 Be7 6. Re1 b5 7. Bb3 0-0 8. a4 Bb7 9. d3 d6 10. Nbd2 Nd7 11. c3 Nc5 12. Bc2 Nxa4 13. Bxa4 bxa4 14. Qxa4 Kh8 15. d4 f5 16. dxe5 dxe5 17. exf5 Rxf5 18. Ne4 Qf8 19. Bg5 Rxf3 20. gxf3 Qxf3 21. Re3 Qf7 22. Rae1 Rf8 23. Qc2 Qh5 24. Rg3 h6 25. Bxe7 Nxe7 26. Nc5 Bc6 27. Ne6 Rf3 28. Qd1 Rxg3+ 29. fxg3 Qh3 30. Qe2 Qxe6 31. Qxe5 Qh3 32. Re2 Ng8 33. Qxc7 Qh5 34. Kf1 Bf3 35. Rd2 Nf6 36. Qc4 Qf5 37. Kg1 a5 38. Rf2 Ng4 39. Rd2 Nf6 40. Rf2 Qh5 41. Qd3 Bd5 42. Rf5 Qf7 43. Qd4 a4 44. Re5 Bc6 45. Qd8+ Ng8 46. Qd3 Qb7 47. Re2 Nf6 48. Qd4 a3 49. bxa3 Qb1+ 50. Kf2 Qh1 51. Ke3 Qf3+ 52. Kd2 Ne4+ 53. Rxe4 Bxe4 54. Qe3 Qf5 55. a4 Bc6 56. Qd4 Qa5 57. Qd6 Qg5+ 58. Ke2 Qh5+ 59. Kd2 Qxh2+ 60. Kd3 Qg2 61. Qf8+ Kh7 62. Qf5+ Kg8 63. Qc8+ Kf7 64. Qf5+ Ke8 65. Qe5+ Kd8 66. Qd6+ Bd7 67. Qf8+ Kc7 68. Qxg7 Qd5+ 69. Ke3 h5 70. c4 Qe6+ 71. Kd2 Qf5 72. Qd4 Qg5+ 73. Kc2 Bxa4+ 74. Kb2 Bc6 75. Qa7+ Kc8 76. Qd4 Bd7 77. Qh8+ Kc7 78. Qd4 Be6 79. Qa7+ Kd6 80. Qa3+ Ke5 81. Qc3+ Kd6 82. Qa3+ Qc5 83. Qd3+ Ke5 84. Qe2+ Kf6 85. Qd2 Qe5+ 86. Kb1 Qxg3 87. Qd8+ Kf7 88. Qh8 Qb3+ 89. Kc1 Qxc4+ 90. Kd2 Qf4+ 91. Ke1 Qe3+ 0-1

[Event "Las Vegas 1000 GM op"]
[Site "Las Vegas"]
[Date "2023.06.10"]
[Round "5"]
[White "Wang, Justin"]
[Black "Mikaelyan, Arman"]
[Result "1/2-1/2"]
[WhiteElo "2484"]
[BlackElo "2523"]
[PlyCount "79"]
[EventDate "2023.06.08"]
[EventType "swiss"]
[EventRounds "9"]
[EventCountry "USA"]
[SourceTitle "CBM 214 Extra"]
[Source "ChessBase"]
[SourceDate "2023.07.31"]
[SourceVersion "1"]
[SourceVersionDate "2023.07.31"]
[SourceQuality "1"]

1. e4 e5 2. Nf3 Nc6 3. Bb5 a6 4. Ba4 Nf6 5. 0-0 Be7 6. d3 b5 7. Bb3 0-0 8. Nc3 d6 9. a3 Na5 10. Ba2 Be6 11. Bg5 c5 12. b4 cxb4 13. axb4 Nc6 14. Bxf6 Bxf6 15. Nd5 g6 16. c3 Bg7 17. Ne3 Bh6 18. Bxe6 fxe6 19. Qb3 Qe7 20. Ra2 Bxe3 21. fxe3 g5 22. Raf2 g4 23. Nh4 Rxf2 24. Rxf2 Kg7 25. g3 Rf8 26. Qa2 Rxf2 27. Kxf2 Qf8+ 28. Kg2 Qc8 29. Qe2 h5 30. h3 gxh3+ 31. Kxh3 Qe8 32. g4 hxg4+ 33. Qxg4+ Kf6 34. d4 Qf7 35. Qe2 Ke7 36. Qg4 Qf1+ 37. Kh2 Qf2+ 38. Ng2 exd4 39. exd4 Qd2 40. Qh3 1/2-1/2

[Event "Las Vegas 1000 GM op"]
[Site "Las Vegas"]
[Date "2023.06.08"]
[Round "1"]
[White "Wang, Justin"]
[Black "Homa, Seth"]
[Result "1-0"]
[WhiteElo "2484"]
[BlackElo "2219"]
[PlyCount "73"]
[EventDate "2023.06.08"]
[EventType "swiss"]
[EventRounds "9"]
[EventCountry "USA"]
[SourceTitle "CBM 214 Extra"]
[Source "ChessBase"]
[SourceDate "2023.07.31"]
[SourceVersion "1"]
[SourceVersionDate "2023.07.31"]
[SourceQuality "1"]

1. d4 d5 2. c4 c6 3. Nf3 Nf6 4. e3 Bf5 5. Nc3 e6 6. Nh4 Be4 7. f3 Bg6 8. Qb3 Qc7 9. Bd2 a5 10. cxd5 Nxd5 11. e4 Nxc3 12. bxc3 b5 13. a4 bxa4 14. Qxa4 Nd7 15. g3 Be7 16. Bf4 e5 17. Nxg6 hxg6 18. Be3 0-0 19. Be2 Rfb8 20. Kf2 Nb6 21. Qa2 a4 22. h4 Bd6 23. h5 gxh5 24. Rxh5 g6 25. Rh3 Bf8 26. dxe5 Qxe5 27. Rah1 Qxc3 28. Rh8+ Qxh8 29. Rxh8+ Kxh8 30. Qxf7 Bg7 31. Qxg6 a3 32. Bxb6 Ra4 33. e5 a2 34. Bd3 Kg8 35. Qe6+ Kh8 36. Qh3+ Kg8 37. Bh7+ 1-0

[Event "Los Angeles 1000GM Spring op"]
[Site "Los Angeles"]
[Date "2023.03.21"]
[Round "8"]
[White "Wang, Justin"]
[Black "Chen, Ryo"]
[Result "1/2-1/2"]
[WhiteElo "2485"]
[BlackElo "2396"]
[PlyCount "144"]
[EventDate "2023.03.17"]
[EventType "swiss"]
[EventRounds "9"]
[EventCountry "USA"]
[SourceTitle "CBM 213 Extra"]
[Source "ChessBase"]
[SourceDate "2023.05.31"]
[SourceVersion "1"]
[SourceVersionDate "2023.05.31"]
[SourceQuality "1"]

1. d4 Nf6 2. c4 g6 3. Nc3 Bg7 4. e4 d6 5. Nf3 0-0 6. Be2 e5 7. 0-0 Na6 8. Re1 Bg4 9. Be3 exd4 10. Nxd4 Bxe2 11. Qxe2 Re8 12. f3 c6 13. Rad1 Nd7 14. a3 Nac5 15. b4 Ne6 16. Na4 Bxd4 17. Bxd4 Nxd4 18. Rxd4 a5 19. b5 cxb5 20. cxb5 Nb6 21. Nc3 Rc8 22. Qd3 Qf6 23. Ne2 d5 24. exd5 Nd7 25. d6 Nc5 26. Qd1 Rcd8 27. Rd5 b6 28. Kf1 Re6 29. d7 Re7 30. Rd6 Re6 31. Rxe6 Qxe6 32. Nc3 Qxd7 33. Qxd7 Rxd7 34. Rd1 Rxd1+ 35. Nxd1 f5 36. Ke2 Kf7 37. Ke3 Ke6 38. Kd4 Nb7 39. Nc3 Nc5 40. Kc4 Ke5 41. g3 g5 42. Nd5 Nd7 43. Ne7 Ke6 44. Nc8 Ke5 45. a4 h5 46. h3 g4 47. hxg4 fxg4 48. f4+ Ke4 49. Nd6+ Kf3 50. Nf5 h4 51. gxh4 Kxf4 52. Nd4 Nc5 53. Kd5 Nxa4 54. Ne2+ Kf5 55. Kc6 Kg6 56. Nf4+ Kh6 57. Kd5 Nc5 58. Kc4 Kg7 59. Nh5+ Kg6 60. Ng3 Kf6 61. Kd4 a4 62. Kc3 Ke5 63. h5 a3 64. Kc2 Kf6 65. Kb1 Ne6 66. Ka2 Nd4 67. Ne4+ Kf5 68. h6 Kg6 69. h7 Kg7 70. Nf6 Nxb5 71. Nxg4 Kxh7 72. Ne3 Kg6 1/2-1/2

[Event "Los Angeles 1000GM Spring op"]
[Site "Los Angeles"]
[Date "2023.03.20"]
[Round "6"]
[White "Wang, Justin"]
[Black "Burke, John M"]
[Result "0-1"]
[WhiteElo "2485"]
[BlackElo "2568"]
[PlyCount "96"]
[EventDate "2023.03.17"]
[EventType "swiss"]
[EventRounds "9"]
[EventCountry "USA"]
[SourceTitle "CBM 213 Extra"]
[Source "ChessBase"]
[SourceDate "2023.05.31"]
[SourceVersion "1"]
[SourceVersionDate "2023.05.31"]
[SourceQuality "1"]

1. e4 c5 2. Nf3 d6 3. d4 cxd4 4. Nxd4 Nf6 5. Nc3 Nc6 6. Bg5 e6 7. Qd3 Bd7 8. 0-0-0 a6 9. h4 Nxd4 10. Qxd4 Be7 11. f3 b5 12. a3 Qc7 13. Kb1 0-0 14. f4 Bc6 15. Be2 Rfd8 16. f5 Rab8 17. fxe6 fxe6 18. Rhf1 a5 19. b4 axb4 20. axb4 Rbc8 21. Rd2 d5 22. Bxf6 Bxf6 23. Rxf6 dxe4 24. Qxd8+ Rxd8 25. Rxd8+ Qxd8 26. Rxe6 Qd7 27. Bg4 e3 28. Bh3 Bxg2 29. Bf5 Qd4 30. Re8+ Kf7 31. Rc8 Qxb4+ 32. Ka1 e2 33. Nxe2 Qe1+ 34. Kb2 Qxe2 35. Bxh7 Qe5+ 36. Kb1 Qe1+ 37. Kb2 Qxh4 38. Bg8+ Kf6 39. Bb3 g5 40. Rb8 Qd4+ 41. Kb1 b4 42. Rf8+ Ke5 43. Re8+ Kf4 44. Rf8+ Ke3 45. Rg8 g4 46. Be6 Bf3 47. Re8 Kf2 48. Rf8 g3 0-1

[Event "Los Angeles 1000GM Spring op"]
[Site "Los Angeles"]
[Date "2023.03.19"]
[Round "5"]
[White "Daggupati, Balaji"]
[Black "Wang, Justin"]
[Result "0-1"]
[WhiteElo "2513"]
[BlackElo "2485"]
[PlyCount "82"]
[EventDate "2023.03.17"]
[EventType "swiss"]
[EventRounds "9"]
[EventCountry "USA"]
[SourceTitle "CBM 213 Extra"]
[Source "ChessBase"]
[SourceDate "2023.05.31"]
[SourceVersion "1"]
[SourceVersionDate "2023.05.31"]
[SourceQuality "1"]

1. e4 e5 2. Nf3 Nc6 3. Bb5 a6 4. Ba4 Nf6 5. 0-0 Be7 6. Re1 b5 7. Bb3 0-0 8. a4 Bb7 9. d3 d6 10. Nbd2 Na5 11. Ba2 c5 12. Nf1 b4 13. c3 Rb8 14. cxb4 cxb4 15. Bd2 Bc8 16. Ne3 Be6 17. Bxe6 fxe6 18. Rc1 Nd7 19. d4 Rxf3 20. Qxf3 exd4 21. Nc4 Nc6 22. Qg4 Nc5 23. e5 d5 24. Nd6 Nxe5 25. Rxe5 Qxd6 26. Bf4 Bf6 27. Rxe6 Qxe6 28. Qxe6+ Nxe6 29. Bxb8 d3 30. Bd6 a5 31. Rb1 Kf7 32. Kf1 Ke8 33. Ke1 Kd7 34. Bb8 Nc5 35. Kd2 Nxa4 36. Kxd3 Nxb2+ 37. Kc2 Nc4 38. Rd1 Kc6 39. Kb3 Bc3 40. Bf4 a4+ 41. Kc2 Bf6 0-1

[Event "Los Angeles 1000GM GM 02"]
[Site "Los Angeles"]
[Date "2023.02.23"]
[Round "3.1"]
[White "Wang, Justin"]
[Black "Chen, Ryo"]
[Result "1-0"]
[WhiteElo "2481"]
[BlackElo "2425"]
[PlyCount "93"]
[EventDate "2023.02.22"]
[EventType "team-schev"]
[EventRounds "9"]
[EventCountry "USA"]
[SourceTitle "CBM 213 Extra"]
[Source "ChessBase"]
[SourceDate "2023.05.31"]
[SourceVersion "1"]
[SourceVersionDate "2023.05.31"]
[SourceQuality "1"]
[WhiteTeam "Group C"]
[BlackTeam "Group B"]
[WhiteTeamCountry "USA"]
[BlackTeamCountry "USA"]

1. d4 Nf6 2. c4 g6 3. Nc3 Bg7 4. e4 d6 5. Nf3 0-0 6. Be2 e5 7. 0-0 Na6 8. Re1 Bg4 9. Be3 Re8 10. dxe5 dxe5 11. Qb3 Qc8 12. c5 c6 13. Ng5 Re7 14. Bc4 Qc7 15. h3 Bc8 16. Rad1 h6 17. Nf3 Be6 18. Rd6 Ne8 19. Red1 Bxc4 20. Qxc4 Kh7 21. b4 b5 22. Qb3 Qc8 23. R6d2 Nac7 24. a4 a6 25. h4 Nf6 26. Rd6 Nce8 27. R6d3 Qg4 28. Bc1 Raa7 29. Nh2 Qe6 30. Qxe6 Rxe6 31. Rd8 Ree7 32. Rc8 Rec7 33. Rdd8 Rxc8 34. Rxc8 a5 35. axb5 axb4 36. b6 Rd7 37. Nd5 Nxe4 38. Rxe8 Nxc5 39. Be3 cxd5 40. Bxc5 b3 41. Nf3 b2 42. Nd2 e4 43. Re7 Rd8 44. b7 Bc3 45. Nb1 d4 46. Rxf7+ Kg8 47. Rf8+ 1-0

[Event "Chesterfield SPICE Cup op"]
[Site "Chesterfield"]
[Date "2022.12.22"]
[Round "8"]
[White "Wang, Justin"]
[Black "Gedajlovic, Max"]
[Result "1-0"]
[WhiteElo "2471"]
[BlackElo "2398"]
[PlyCount "109"]
[EventDate "2022.12.18"]
[EventType "swiss"]
[EventRounds "9"]
[EventCountry "USA"]
[SourceTitle "CBM 212 Extra"]
[Source "ChessBase"]
[SourceDate "2023.03.31"]
[SourceVersion "1"]
[SourceVersionDate "2023.03.31"]
[SourceQuality "1"]

1. d4 Nf6 2. c4 e6 3. Nf3 Bb4+ 4. Nbd2 b6 5. a3 Bxd2+ 6. Qxd2 Bb7 7. g3 d5 8. b3 dxc4 9. bxc4 Nc6 10. Bb2 Na5 11. Qc2 Be4 12. Qc3 c5 13. Rd1 Rc8 14. Bg2 cxd4 15. Rxd4 Nd5 16. Rxd5 exd5 17. Qxg7 Rf8 18. cxd5 Qxd5 19. 0-0 Nc4 20. Bc3 Kd7 21. Bh3+ Kc7 22. Bxc8 Rxc8 23. Ng5 Bg6 24. Nh3 Kb7 25. Nf4 Qd7 26. a4 a5 27. h4 Be4 28. Ra1 Ka6 29. Qd4 Qxd4 30. Bxd4 Nd2 31. Be3 Nc4 32. Bd4 Nd2 33. Rd1 Rc2 34. Be3 Nc4 35. Bd4 Ra2 36. f3 Bc6 37. Rc1 Rxa4 38. Kf2 Bb7 39. h5 Nd2 40. Bf6 Nc4 41. h6 Kb5 42. Nh3 Bc8 43. g4 Nd6 44. Be7 Nc4 45. Ng5 f5 46. Nxh7 fxg4 47. Rh1 g3+ 48. Kxg3 Ne3 49. Kf2 Nf5 50. Nf8 Nxh6 51. Rxh6 Ra2 52. Ne6 Kc4 53. Nf4 Kb5 54. Nd5 Rd2 55. Rxb6+ 1-0